000 00493nam a2200193Ia 4500
005 20250522104543.0
008 008 250516s9999 xx 000 0 hin d
020 _a9789362013163
040 _aSDCL
_beng
_cSDCL
041 _ahin
_2hin
084 _aY58.2'P, R5
_qSDCL
100 _aPuniyani
_9810186
245 0 _aAlp Sankhyak :
_bRajneeti aur samaj
260 _aNoida:
_bSetu Prakashan,
_c2025.
300 _axxix,525p.
365 _aINR
_b620
650 _aHindi
942 _cTEXL
999 _c1430734
_d1430734